000
00293nam a2200121Ia 4500
008
190216s9999||||xx |||||||||||||| ||und||
100
_a
Shanmughan S N
245
0
_a
Sasyasamrakshana Thathuangal
260
_b
Kerala Bhasha Institute
_c
1974
300
_a
700p
650
_a
Botany
942
_c
BK
999
_c
37884
_d
37884